QUIZZ DESSINS ANIMEES - Statistiques

Statistiques générales
  • Ce quiz a été pris 4 879 fois
  • Le résultat moyen est 8 sur 30
Statistiques - réponses
RESUME DU DESSINS ANIMES Réponse % Correct
1 HISTOIRE D UN RAT QUI VEUT DEVENIR UN GRAND CUISINIER A PARIS RATATOUILLE
99%
8 JE SUIS TOUT DE NOIR VETU ... DANS MA BATMOBILE BATMAN
76%
2 HISTOIRE D UN JEUNE MENDIANT QUI VEUT EPOUSE LA FILLE DU GRAND SULTAN ALADDIN
70%
7 JE SUIS UN SUPER HERO VOLANT MON COSTUME EST BLEU ET ROUGE SUPERMAN
70%
6 JE SUIS UN SUPER HERO TOUT VERT ET MUSCLE ISSU D UNE MUTATION GENETIQUE HULK
69%
5 JE SUIS UNE PETITE SOURIS MALIGNE TOUJOURS POURSUIVIE PAR UN CHAT IDIOT JERRY
56%
13 JE SUIS LA FEMME DE SIMBADANS LE ROI LION NALA
51%
14 FRERE CADET DE MUFASA ET ONCLE DE SIMBA SCAR
49%
4 JE SUIS LAID , ORPHELIN ET L HABITE A NOTRE DAME DE PARIS QUASIMODO
42%
3 JE SUIS UN OGRE ET J HABITE DANS UN MARAIS SHRECK
39%
22 PRENOM DU PRETENDANT DE BELLE DANS LA BELLE ET LA BETE GASTON
30%
11 JE SUIS LE COMPAGNON DE ROUTE DE ROBIN DES BOIS PETIT JEAN
26%
10 JE SUIS UN CHIEN COCKER ET MON MEILLEUR COMPAGNON PORTE UNE SALOPETTE BLEU BILL
23%
12 JE SUIS LE COMPAGNON A PLUME DE JAFAR LE GRAND VIZIR MALFAISANT IAGO
22%
15 MAJORDOME ROYAL DE MUFASA ET ENSUITE DE SIMBA DANS LE ROI LION ZAZU
22%
9 JE SUIS UNE PETITE CHIENNE COCKER AYANT COMME AMI JOCK ET CESAR LADY
20%
23 PRENOM DU INTENDANT DU CHATEAU TRANSFORME EN HORLOGE DANS LA BELLE ET LA BETE BIG BEN
17%
16 LIONNE MERE DE SIMBA DANS LE ROI LION SARABI
14%
21 PRENOM DU PERE DE BELLE DANS LA BELLE ET LA BETE MAURICE
10%
25 PRENOM DE LA PETITE AMIE DE LUMIERE DANS LA BELLE ET LA BETE PLUMETTE
8%
18 NOM DE LA CHATTE D ALICE DANS ALICE AUX PAYS DES MERVEILLES DINA
6%
28 NOM DE L ELEPHANT MEILEUR AMI DE TARZAN ET TERK TANTOR
6%
17 NOMS DES TROIS HYENES DANS LE ROI LION PAR ORDRE ALPHABETIQUE BANZAI ED SHENZI
4%
27 NOM DE LA MERE ADOPTIVE DE TARZAN KALA
4%
29 NOM DE L ENTRAINEUR DE HERCULE PHILOCTETE
4%
19 NOM DU CHAT DANS ALICE AUX PAYS DES MERVEILLES CHAT DU CHESHIRE
3%
20 NOM DE FAMILLE DE MULAN HUA
3%
24 PRENOM DE LA CUISINIERE EN FORME DE THEIERE MADAME SAMOVARE
2%
30 PRENOMS DES DEUX FRERES DE WENDY DANS PETER PAN JOHN MICHAEL
1%
26 NOM ET PRENON DE LA FEMME DE TARZAN PORTER JANE
1%
Aucun quiz correspondant
Distribution des résultats
% des personnes avec chaque résultat
Percentile par nombre de réponses
Votre historique - résultats
Vous n’avez pas pris ce quiz